Linguistics across cultures: Applied linguistics for language teachers
Gorde:
| Egile nagusia: | |
|---|---|
| Formatua: | Liburua |
| Hizkuntza: | Undetermined |
| Argitaratua: |
Michigan, Estados Unidos
University Press
1957
|
| Gaiak: | |
| Etiketak: |
Etiketa erantsi
Etiketarik gabe, Izan zaitez lehena erregistro honi etiketa jartzen!
|
MARC
| LEADER | 00000nam a2200000Ia 4500 | ||
|---|---|---|---|
| 008 | 170316s9999 xx 000 0 und d | ||
| 090 | |a 410 L-3L | ||
| 100 | |a Lado, Robert | ||
| 245 | |a Linguistics across cultures: Applied linguistics for language teachers | ||
| 260 | |a Michigan, Estados Unidos | ||
| 260 | |b University Press | ||
| 260 | |c 1957 | ||
| 300 | |a 141 páginas | ||
| 650 | |a LINGÜÍSTICA | ||
| 999 | |c 18562 |d 18562 | ||
| 040 | |a cru BVZT | ||
| 942 | |c 15 D |h 410 L-3L |2 z | ||
